Detalles MARC
| 000 -LEADER |
| campo de control de longitud fija |
02271nam a2200373 i 4500 |
| 003 - IDENTIFICADOR DE NÚMERO DE CONTROL |
| campo de control |
peliumch |
| 005 - FECHA Y HORA DE LA ÚLTIMA TRANSACCIÓN |
| campo de control |
20260316154402.0 |
| 007 - CAMPO FIJO DE DESCRIPCIÓN FÍSICA--INFORMACIÓN GENERAL |
| campo de control de longitud fija |
ta |
| 008 - DATOS DE LONGITUD FIJA--INFORMACIÓN GENERAL |
| campo de control de longitud fija |
260316b |||||||| |||| 00| 0 eng d |
| 020 ## - NÚMERO INTERNACIONAL ESTÁNDAR DEL LIBRO |
| Número Internacional Estándar del Libro |
9786073195201 |
| 040 ## - FUENTE DE CATALOGACIÓN |
| Centro catalogador/agencia de origen |
UMCH |
| Lengua de catalogación |
spa |
| Centro/agencia transcriptor |
UMCH |
| Centro/agencia modificador |
jmr |
| Normas de descripción |
rda |
| 041 0# - CÓDIGO DE IDIOMA |
| Código de lengua del texto/banda sonora o título independiente |
spa |
| 043 ## - CÓDIGO DE ÁREA GEOGRÁFICA |
| Código de área geográfica |
s-pe--- |
| 082 04 - NÚMERO DE LA CLASIFICACIÓN DECIMAL DEWEY |
| Número de clasificación |
863.5/B364 |
| 100 1# - ENTRADA PRINCIPAL--NOMBRE DE PERSONA |
| Nombre de persona |
Bazterrica, Agustina María |
| Fechas asociadas al nombre |
1974- |
| Término indicativo de función/relación |
autora |
| 245 ## - MENCIÓN DEL TÍTULO |
| Título |
Cadáver exquisito / |
| Mención de responsabilidad, etc. |
Agustina Bazterrica. |
| 264 #1 - PRODUCCIÓN, PUBLICACIÓN, DISTRIBUCIÓN, FABRICACIÓN Y COPYRIGHT |
| Producción, publicación, distribución, fabricación y copyright |
Bogotá (Colombia) : |
| Nombre del de productor, editor, distribuidor, fabricante |
Alfaguara, |
| Fecha de producción, publicación, distribución, fabricación o copyright |
2017 |
| 264 #4 - PRODUCCIÓN, PUBLICACIÓN, DISTRIBUCIÓN, FABRICACIÓN Y COPYRIGHT |
| Fecha de producción, publicación, distribución, fabricación o copyright |
©2017 |
| 300 ## - DESCRIPCIÓN FÍSICA |
| Extensión |
249 páginas ; |
| Otras características físicas |
byn, fot. byn., port. il. col., retr., tip. ; |
| Dimensiones |
25 cm |
| 490 ## - MENCIÓN DE SERIE |
| Mención de serie |
Narrativa hispánica |
| 520 ## - RESUMEN, ETC. |
| Sumario, etc. |
La súbita aparición de un virus letal que ataca a los animales modifica de manera irreversible el mundo: desde las fieras hasta las mascotas deben ser sistemáticamente sacrificadas, y su carne ya no puede ser consumida. Los gobiernos enfrentan la situación con una decisión drástica: legalizando la cría, reproducción, matanza y procesamiento de carne humana.<br/>El canibalismo es ley y la sociedad ha quedado dividida en dos grupos: los que comen y los que son comidos.<br/>Marcos Tejo, encargado general del frigorífico Krieg, es un oscuro burócrata. El día en que recibe como regalo una mujer criada para el consumo, las tentaciones lo transforman en una conciencia peligrosa de pliegues truculentos que lo llevará a transgredir las normas hasta límites que la sociedad ignora.<br/>En esta despiadada distopía —tan brutal como sutil, tan alegórica como realista—, Bazterrica inspira, con el poder explosivo de la ficción, debates de suma actualidad |
| 521 ## - NOTA DE PÚBLICO DESTINATARIO |
| Nota de público destinatario |
Recomendado para un público en general. |
| 650 14 - PUNTO DE ACCESO ADICIONAL DE MATERIA--TÉRMINO DE MATERIA |
| Término de materia o nombre geográfico como elemento de entrada |
Novela de ciencia-ficción |
| Subdivisión cronológica |
Siglo XXI |2 |
| 650 24 - PUNTO DE ACCESO ADICIONAL DE MATERIA--TÉRMINO DE MATERIA |
| Término de materia o nombre geográfico como elemento de entrada |
Canibalismo |
| Subdivisión de forma |
Novelas distópicas |
| Subdivisión general |
En la literatura |
| 650 24 - PUNTO DE ACCESO ADICIONAL DE MATERIA--TÉRMINO DE MATERIA |
| Término de materia o nombre geográfico como elemento de entrada |
Novela de suspenso |
| 650 24 - PUNTO DE ACCESO ADICIONAL DE MATERIA--TÉRMINO DE MATERIA |
| Término de materia o nombre geográfico como elemento de entrada |
Burocracia |
| Subdivisión de forma |
Novela |
| 653 ## - TÉRMINO DE INDIZACIÓN--NO CONTROLADO |
| Término no controlado |
Literatura |
| 856 ## - LOCALIZACIÓN Y ACCESO ELECTRÓNICOS |
| Identificador Uniforme de Recursos |
<a href="https://www.digitaliapublishing.com/a/61887/la-literatura-argentina-y-el-cine">https://www.digitaliapublishing.com/a/61887/la-literatura-argentina-y-el-cine</a> |
| Nota pública |
<a href="Versión digital alternativa del recurso">Versión digital alternativa del recurso</a> |
| 942 ## - ELEMENTOS DE ENTRADA SECUNDARIOS (KOHA) |
| Fuente del sistema de clasificación o colocación |
Clasificación Decimal Dewey |
| Tipo de ítem Koha |
Libros |
| Suprimir en OPAC |
No |